000 00243nam a22000977a 4500
999 _c261463
_d261462
020 _a9780689839146
100 _aAvi Wortis
245 _aThings That Sometimes Happen
260 _aNew YORK
_bAtheneum Books For Young Readers
_c1970
942 _cBK